Signály a sústavy pre odbor rádioelektronika /
Salvato in:
| Autori principali: | , , |
|---|---|
| Natura: | Libro |
| Lingua: | slovacco |
| Pubblicazione: |
Bratislava :
STU v Bratislave,
1991
|
| Edizione: | 1.vyd. |
| Tags: |
Nessun Tag, puoi essere il primo ad aggiungerne!!
|
MARC
| LEADER | 00000nam a22000003a 4500 | ||
|---|---|---|---|
| 001 | stu10118 | ||
| 005 | 20150617225803.2 | ||
| 008 | 971003s1991----xo------------------slo-d | ||
| 020 | |a 80-227-0356-7 | ||
| 040 | |a STU |b slo | ||
| 041 | 0 | |a slo | |
| 044 | |a xo | ||
| 080 | |a 621.391.8(075.8) | ||
| 100 | 1 | |a Židek, František |4 aut |u E230 |U FEI Fakulta elektrotechniky a informatiky |T FEI Katedra rádioelektroniky |U E230 |Y 71 | |
| 245 | 1 | |a Signály a sústavy pre odbor rádioelektronika / |c [aut.] Ondráček,Oldřich; Židek,František; Chmúrny,Ján | |
| 250 | |a 1.vyd. | ||
| 260 | |a Bratislava : |b STU v Bratislave, |c 1991 | ||
| 300 | |a 301 s | ||
| 700 | 1 | |a Ondráček, Oldřich, |d 1950- |4 aut |u E030 |U FEI Fakulta elektrotechniky a informatiky |T FEI Ústav elektroniky a fotoniky |X 2082 |U E030 |Y 549 |7 A000002082 | |
| 700 | 1 | |a Chmúrny, Ján |4 aut | |
| 996 | |b 284ES21401 |c E*S-33708 |l EE01 |s A |a 24 |w stu10118_0001 | ||
| 996 | |b 284EK08822 |c E*81369 |l EE0105 |s P |a 0 |w stu10118_0002 | ||